| 000 | 00352 a2200133 4500 | ||
|---|---|---|---|
| 001 | 64372 | ||
| 082 | _a510.246222 GRE | ||
| 090 |
_c38003 _d38003 |
||
| 100 | _aGreenbery M D | ||
| 245 | _aAdvance Engineering Mathematics fundamentals of Engineering 2/Ed | ||
| 250 | _a2 nd | ||
| 260 |
_aNew delhi _bPearson Education _c1998 |
||
| 300 | _a1324pxix | ||
| 942 |
_acaenust _k510.246222 GRE |
||
| 999 |
_c299445 _d299445 |
||